[Event "43rd IT Bosna 2013 - A"]
[Site "Sarajevo"]
[Date "2013.06.05"]
[Round "6.4"]
[White "Stojanovic, Dalibor"]
[Black "Grandelius, Nils"]
[Result "1-0"]
[WhiteElo "2514"]
[BlackElo "2544"]
[PlyCount "103"]
[EventDate "2013.06.01"]

1. e4 c5 2. Nf3 d6 3. d4 cxd4 4. Nxd4 Nf6 5. Nc3 a6 6. h3 g6 7. Be3 Bg7 8. Qd2
O-O 9. O-O-O b5 10. f3 Bb7 11. h4 Nbd7 12. h5 b4 13. Nd5 e5 14. Nxf6+ Nxf6 15.
Nb3 Nxh5 16. Qxb4 Ng3 17. Rg1 Nxf1 18. Rgxf1 Qb8 19. Na5 Bc8 20. Qxb8 Rxb8 21.
Rxd6 f5 22. exf5 gxf5 23. Bh6 Rf6 24. Rd8+ Rf8 25. Rxf8+ Kxf8 26. Bxg7+ Kxg7
27. c4 Rb6 28. Re1 Rg6 29. Re2 e4 30. fxe4 fxe4 31. b4 Kf6 32. b5 Ke5 33. Nc6+
Kd6 34. Rd2+ Kc7 35. Ne7 Rg5 36. Nd5+ Kb7 37. a4 Be6 38. Ne3 Rg3 39. Rd6 axb5
40. Rxe6 Rxe3 41. cxb5 Re2 42. a5 Rxg2 43. a6+ Ka7 44. Re7+ Kb6 45. Rb7+ Kc5
46. a7 Ra2 47. b6 e3 48. Kd1 Kd4 49. Rb8 Ra1+ 50. Ke2 Ra2+ 51. Kf3 Rf2+ 52. Kg3
1-0

[Event "43rd IT Bosna 2013 - A"]
[Site "Sarajevo"]
[Date "2013.06.05"]
[Round "6.8"]
[White "Nestorovic, Nikola"]
[Black "Can, Emre"]
[Result "0-1"]
[WhiteElo "2405"]
[BlackElo "2475"]
[PlyCount "60"]
[EventDate "2013.06.01"]

1. e4 c5 2. Nf3 d6 3. d4 cxd4 4. Nxd4 Nf6 5. Nc3 a6 6. h3 e5 7. Nde2 h5 8. Bg5
Be6 9. Bxf6 Qxf6 10. Nd5 Qd8 11. Nec3 g6 12. Bc4 Bh6 13. O-O O-O 14. a4 Nc6 15.
Qd3 Rc8 16. Ba2 Kh8 17. Rad1 Nd4 18. Ne3 Qb6 19. Bxe6 fxe6 20. Ne2 Qxb2 21.
Nxd4 Rc3 22. Qe2 exd4 23. Rxd4 Rxf2 24. Rxf2 Bxe3 25. Rxd6 Qc1+ 26. Rd1 Rxc2
27. Qd3 Bxf2+ 28. Kf1 Qb2 29. Qd8+ Kh7 30. Qe8 Bd4 0-1

[Event "43rd IT Bosna 2013 - A"]
[Site "Sarajevo"]
[Date "2013.06.05"]
[Round "6.9"]
[White "Djukic, Nikola"]
[Black "Tomic, Bosko"]
[Result "1-0"]
[WhiteElo "2539"]
[BlackElo "2430"]
[PlyCount "73"]
[EventDate "2013.06.01"]

1. e4 c5 2. Nf3 Nc6 3. d4 cxd4 4. Nxd4 g6 5. Nc3 Bg7 6. Be3 Nf6 7. Bc4 Qa5 8.
O-O O-O 9. Bb3 d6 10. h3 Bd7 11. Re1 Rac8 12. Nd5 Rfe8 13. Bd2 Qd8 14. Nf3 e6
15. Nxf6+ Bxf6 16. c3 Qa5 17. Be3 Be7 18. Qd2 Red8 19. Bg5 Bxg5 20. Nxg5 Be8
21. f4 Qb6+ 22. Kh1 d5 23. e5 d4 24. Qf2 dxc3 25. Qh4 h5 26. bxc3 Ne7 27. Ne4
Nf5 28. Qg5 Bc6 29. Bxe6 fxe6 30. Qxg6+ Ng7 31. Ng5 Bxg2+ 32. Kxg2 Rd2+ 33. Kh1
Qf2 34. Qh7+ Kf8 35. Qh8+ Ke7 36. Qxg7+ Kd8 37. Nf7+ 1-0

[Event "43rd IT Bosna 2013 - A"]
[Site "Sarajevo"]
[Date "2013.06.05"]
[Round "6.10"]
[White "Sutkovic, Damir"]
[Black "Sebenik, Matej"]
[Result "1/2-1/2"]
[WhiteElo "2331"]
[BlackElo "2519"]
[PlyCount "66"]
[EventDate "2013.06.01"]

1. d4 d5 2. c4 c6 3. Nc3 Nf6 4. e3 a6 5. a4 e6 6. Nf3 a5 7. Bd3 Na6 8. e4 Be7
9. e5 Nd7 10. O-O Nb4 11. Bb1 dxc4 12. Ne4 h6 13. Bf4 b6 14. Re1 Ba6 15. Nd6+
Bxd6 16. exd6 Nd3 17. Bxd3 cxd3 18. Ne5 Nxe5 19. Bxe5 Kd7 20. Bxg7 Rg8 21. Be5
Qg5 22. Qf3 Qf5 23. Qxf5 exf5 24. Bf4 Rae8 25. f3 h5 26. Kf2 Re2+ 27. Rxe2 dxe2
28. g3 Re8 29. Ke1 Bc4 30. Ra3 h4 31. Rc3 hxg3 32. Bxg3 Ba6 33. d5 cxd5 1/2-1/2

[Event "43rd IT Bosna 2013 - A"]
[Site "Sarajevo"]
[Date "2013.06.05"]
[Round "6.11"]
[White "Jakovljevic, Vlado"]
[Black "Nestorovic, Dejan"]
[Result "1/2-1/2"]
[WhiteElo "2440"]
[BlackElo "2428"]
[PlyCount "125"]
[EventDate "2013.06.01"]

1. Nf3 Nf6 2. c4 e6 3. Nc3 Bb4 4. Qc2 c5 5. g3 O-O 6. Bg2 Nc6 7. a3 Ba5 8. O-O
d6 9. d3 h6 10. e4 Rb8 11. Ne2 a6 12. h3 Bd7 13. Be3 b5 14. e5 dxe5 15. Bxc5
Re8 16. b4 Bb6 17. Bxb6 Qxb6 18. c5 Qc7 19. d4 exd4 20. Nexd4 e5 21. Nxc6 Bxc6
22. Rfe1 Rbd8 23. Rad1 Rxd1 24. Qxd1 Rd8 25. Qa1 Bxf3 26. Bxf3 Rd3 27. Bg2 e4
28. Qc1 Qe5 29. Qf4 Qxf4 30. gxf4 Kf8 31. Re3 Rd1+ 32. Kh2 Rd4 33. f5 g5 34.
fxg6 fxg6 35. f3 Rd3 36. Re1 exf3 37. Rf1 Rxa3 38. Rxf3 Rxf3 39. Bxf3 Ne8 40.
Bb7 Nc7 41. Kg3 Ke7 42. Kf4 Kf6 43. h4 g5+ 44. hxg5+ hxg5+ 45. Ke4 g4 46. Kd4
g3 47. Bh1 Ke7 48. Ke5 Ne6 49. Bf3 Nc7 50. c6 Ne8 51. Kf4 Kd6 52. Kxg3 Ng7 53.
Kf4 Ne6+ 54. Ke3 Nd8 55. Kd4 Nxc6+ 56. Kc3 Nd8 57. Kd4 Ne6+ 58. Kc3 Ke5 59. Bb7
Nc7 60. Kb3 Kd4 61. Bc8 Kd5 62. Bb7+ Kd6 63. Ka3 1/2-1/2

[Event "43rd IT Bosna 2013 - A"]
[Site "Sarajevo"]
[Date "2013.06.05"]
[Round "6.12"]
[White "Cabarkapa, Novak"]
[Black "Bejtovic, Jasmin"]
[Result "1/2-1/2"]
[WhiteElo "2341"]
[BlackElo "2397"]
[PlyCount "67"]
[EventDate "2013.06.01"]

1. e4 c5 2. Nc3 e6 3. f4 a6 4. d3 b5 5. g3 Bb7 6. Bg2 d5 7. Qe2 Nc6 8. Nf3 dxe4
9. Nxe4 Be7 10. c3 Nf6 11. Be3 Nxe4 12. dxe4 O-O 13. O-O Qc7 14. a4 c4 15. Qf2
Qc8 16. Nd4 Nxd4 17. Bxd4 Bc6 18. Qe2 bxa4 19. f5 exf5 20. exf5 Bxg2 21. Kxg2
Re8 22. Qf3 Rb8 23. Rf2 Bf8 24. f6 g6 25. Rxa4 Rb5 26. Qd1 h5 27. h3 Re4 28.
Ra1 Qb7 29. Kg1 Rxb2 30. Rxb2 Qxb2 31. Rxa6 Qb8 32. Bf2 Qc8 33. Ra5 Re8 34. Kg2
1/2-1/2

[Event "43rd IT Bosna 2013 - A"]
[Site "Sarajevo"]
[Date "2013.06.05"]
[Round "6.13"]
[White "Rasidovic, Sead"]
[Black "Burovic, Ismet"]
[Result "0-1"]
[WhiteElo "2381"]
[BlackElo "2351"]
[PlyCount "108"]
[EventDate "2013.06.01"]

1. e4 c6 2. d4 d5 3. e5 Bf5 4. Nf3 e6 5. Be2 c5 6. Be3 Nd7 7. O-O a6 8. c3 cxd4
9. cxd4 h6 10. Nc3 Ne7 11. Nh4 Bh7 12. f4 Qb6 13. Na4 Qa7 14. b4 Nc6 15. a3 Be7
16. Nf3 O-O 17. Qd2 Nb6 18. Nb2 Rac8 19. Rfc1 Qb8 20. Bd3 Bxd3 21. Qxd3 f5 22.
Bd2 Na7 23. Qb3 Rxc1+ 24. Rxc1 Rc8 25. Bc3 Rc7 26. Nd3 Nc4 27. a4 b6 28. Be1
Nc6 29. b5 axb5 30. Qxb5 g5 31. fxg5 hxg5 32. Bf2 g4 33. Nfe1 Bg5 34. Ra1 Qc8
35. Qb1 Qf8 36. Nc2 Qh6 37. Qd1 Rh7 38. h3 gxh3 39. g3 Ne3 40. Nxe3 Bxe3 41.
Qc2 Nxd4 42. Qc8+ Kf7 43. Qd7+ Kg6 44. Qe8+ Rf7 45. Kh2 Bxf2 46. Qg8+ Rg7 47.
Qe8+ Kh7 48. Nxf2 Qg5 49. Kh1 Rg8 50. Qf7+ Rg7 51. Qe8 Ne2 52. Ra3 Qc1+ 53. Kh2
Qg1+ 54. Kxh3 Rxg3+ 0-1

[Event "43rd IT Bosna 2013 - A"]
[Site "Sarajevo"]
[Date "2013.06.06"]
[Round "7.1"]
[White "Papp, Gabor"]
[Black "Kovacevic, Aleksandar"]
[Result "1/2-1/2"]
[WhiteElo "2582"]
[BlackElo "2557"]
[PlyCount "34"]
[EventDate "2013.06.01"]

1. e4 e6 2. d4 d5 3. e5 c5 4. c3 Nc6 5. Nf3 Bd7 6. Be2 Nge7 7. O-O Ng6 8. g3
Be7 9. h4 cxd4 10. cxd4 O-O 11. h5 Nh8 12. Nc3 f6 13. exf6 Bxf6 14. Be3 Nf7 15.
Bd3 Kh8 16. Rc1 e5 17. dxe5 Nfxe5 1/2-1/2

[Event "43rd IT Bosna 2013 - A"]
[Site "Sarajevo"]
[Date "2013.06.06"]
[Round "7.2"]
[White "Erdos, Viktor"]
[Black "Markus, Robert"]
[Result "1/2-1/2"]
[WhiteElo "2645"]
[BlackElo "2611"]
[PlyCount "135"]
[EventDate "2013.06.01"]

1. Nf3 Nf6 2. c4 d6 3. d4 Nbd7 4. Nc3 c6 5. g3 e5 6. Qc2 Be7 7. Bg2 O-O 8. O-O
Re8 9. h3 Qc7 10. Rd1 Rb8 11. Be3 exd4 12. Nxd4 Bf8 13. Bg5 Qa5 14. Nf5 Re6 15.
e4 g6 16. Nh6+ Kg7 17. Be3 Re8 18. b3 a6 19. a4 Ng8 20. Qc1 Ne5 21. Ra2 f6 22.
Nxg8 Kxg8 23. f4 Nf7 24. Bd4 Bg7 25. Ne2 f5 26. Bxg7 Kxg7 27. Qb2+ Kg8 28. Nc3
Qc5+ 29. Kh2 a5 30. Qc1 Re7 31. Rad2 Be6 32. Rd4 Rbe8 33. R1d2 Bc8 34. Qd1 Kf8
35. Qa1 Kg8 36. Qd1 Kf8 37. Qc1 Kg8 38. Qc2 Kf8 39. Qb2 Kg8 40. Qb1 Kf8 41. Qd1
Kg8 42. Bf3 Qb4 43. Na2 Qc5 44. Nc3 Qb4 45. Qc2 Kf8 46. Qb2 Kg8 47. Bg2 Qc5 48.
Qc1 Kf8 49. Qc2 Qb4 50. Qb2 Kg8 51. Qc2 Kf8 52. Qb2 Kg8 53. Bf3 Kf8 54. Qc2 Kg8
55. Bg2 Kf8 56. Bf3 Kg8 57. Qb2 Kf8 58. Bg2 Kg8 59. exf5 gxf5 60. Nd1 Qb6 61.
Qc2 Re1 62. Bf3 Rf1 63. Bg2 Rfe1 64. Bf3 Rf1 65. Bg2 Rfe1 66. Nf2 R8e3 67. R4d3
Be6 68. Rxe3 1/2-1/2

[Event "43rd IT Bosna 2013 - A"]
[Site "Sarajevo"]
[Date "2013.06.06"]
[Round "7.4"]
[White "Kozul, Zdenko"]
[Black "Stojanovic, Dalibor"]
[Result "1/2-1/2"]
[WhiteElo "2606"]
[BlackElo "2514"]
[PlyCount "239"]
[EventDate "2013.06.01"]

1. d4 Nf6 2. c4 e6 3. g3 Bb4+ 4. Bd2 Bxd2+ 5. Qxd2 O-O 6. Bg2 d5 7. Nf3 Nbd7 8.
O-O c6 9. Rd1 b6 10. Ne5 Bb7 11. Nc3 Qe7 12. e4 dxe4 13. Nxd7 Qxd7 14. Qf4 Qe7
15. Nxe4 Nxe4 16. Qxe4 Rad8 17. Qe5 Rd7 18. c5 Rfd8 19. Bf3 Qf6 20. Qxf6 gxf6
21. cxb6 axb6 22. Rac1 Rd6 23. Kf1 Kf8 24. Ke2 e5 25. dxe5 Rxd1 26. Rxd1 Rxd1
27. Kxd1 fxe5 28. Be4 h6 29. Ke2 Ba6+ 30. Bd3 Bc8 31. b4 b5 32. Ke3 Ke7 33. f4
Kd6 34. a3 f5 35. Be2 Be6 36. Bh5 Bd5 37. Bd1 Ke6 38. a4 bxa4 39. Bxa4 Kd6 40.
Bc2 Be6 41. Bd3 Kd5 42. Ba6 Kd6 43. h4 Bd7 44. Bc4 Bc8 45. Kd3 Bd7 46. Ke3 Bc8
47. Bg8 Bd7 48. Bf7 Ke7 49. Bh5 Kd6 50. Bg6 Kd5 51. Bf7+ Kd6 52. Bc4 Bc8 53.
Be2 Be6 54. Bf3 Bd7 55. fxe5+ Kxe5 56. Kd3 Kd6 57. Kd4 Bc8 58. Bh5 Be6 59. Be8
Bd5 60. Ke3 Ke5 61. Bd7 Be4 62. Bc8 Bg2 63. Bb7 Be4 64. Ba8 Bd5 65. Bb7 Be4 66.
Ba6 Bd5 67. Be2 Be6 68. Bf3 Bd7 69. Kd3 Kd6 70. Kd4 Bc8 71. Bh5 Be6 72. Bg6 Bd7
73. Bf7 Ke7 74. Bh5 Kd6 75. Bf3 Bc8 76. Ke3 Bd7 77. Kf4 Ke6 78. g4 Kf6 79. gxf5
Bxf5 80. Bxc6 Bd3 81. Ke3 Bf1 82. Kd4 Ke7 83. Kc5 Be2 84. Bd5 Bf1 85. Bc4 Bh3
86. b5 Bd7 87. b6 Bc8 88. Kc6 Kd8 89. Kd6 Bb7 90. Ke6 Kc8 91. Be2 Bc6 92. Ba6+
Kb8 93. Kf6 Bf3 94. Kg6 h5 95. Kg5 Bd1 96. Kf4 Bg4 97. Ke5 Bf3 98. Kd6 Bg4 99.
Kc5 Bf3 100. Kd6 Bd1 101. Ke5 Bg4 102. Kf4 Bd1 103. Kg5 Ka8 104. Bd3 Kb7 105.
Bg6 Kxb6 106. Bxh5 Ba4 107. Kf6 Kc7 108. Ke7 Bc2 109. Bg4 Bg6 110. Bf3 Kc8 111.
Be2 Kc7 112. Bd1 Kc8 113. Kf6 Be8 114. Ke7 Bg6 115. Be2 Kc7 116. Bg4 Kc6 117.
Bd7+ Kd5 118. Kf6 Bh5 119. Be6+ Kd6 120. Bf7 1/2-1/2

[Event "43rd IT Bosna 2013 - A"]
[Site "Sarajevo"]
[Date "2013.06.06"]
[Round "7.5"]
[White "Antipov, Mikhail"]
[Black "Grandelius, Nils"]
[Result "1/2-1/2"]
[WhiteElo "2478"]
[BlackElo "2544"]
[PlyCount "167"]
[EventDate "2013.06.01"]

1. e4 c5 2. Nf3 e6 3. b3 b6 4. Bb2 Bb7 5. Qe2 Nf6 6. Nc3 Nc6 7. e5 Ng4 8. O-O-O
f6 9. exf6 Nxf6 10. d4 Nxd4 11. Nxd4 cxd4 12. Nb5 Bc5 13. Bxd4 O-O 14. Qe5 Rc8
15. f3 Bxd4 16. Qxd4 Nd5 17. Nd6 Qg5+ 18. Kb2 Rf4 19. Ne4 Qe7 20. c4 Nb4 21.
Qd6 Rf7 22. Qxe7 Rxe7 23. Nd6 Rb8 24. Rd2 Nc6 25. Bd3 Ne5 26. Re1 Nf7 27. Nxb7
Rxb7 28. f4 g6 29. f5 gxf5 30. Bxf5 Rc7 31. Rd4 Rc5 32. Bc2 Rg5 33. Re2 Ne5 34.
h4 Rg4 35. Rde4 Rxe4 36. Rxe4 Nc6 37. Rf4 Rg7 38. g4 e5 39. Re4 Rf7 40. Re2 Nd4
41. Rg2 Rf4 42. h5 h6 43. g5 hxg5 44. Rxg5+ Kf7 45. Rg2 Rh4 46. Bg6+ Ke6 47.
Rd2 a5 48. Rf2 e4 49. Rf8 Rh2+ 50. Kc3 Ke5 51. Re8+ Ne6 52. Bf7 Rh3+ 53. Kd2
Kd4 54. Bxe6 Rh2+ 55. Kd1 Kd3 56. Ke1 dxe6 57. Rxe6 Rxh5 58. Rd6+ Ke3 59. Kd1
b5 60. cxb5 Rxb5 61. Re6 Rh5 62. a3 Rh2 63. b4 a4 64. b5 Ra2 65. Rh6 Kd3 66.
Rd6+ Ke3 67. Rh6 Kd4 68. Rd6+ Kc5 69. Re6 Kd5 70. Ra6 Rxa3 71. Kc2 Kc5 72. Re6
Kd4 73. Rd6+ Ke3 74. Rh6 Rd3 75. b6 Rd5 76. Kc3 Rb5 77. Kc4 Rb1 78. Kc5 Kd3 79.
Rd6+ Kc3 80. Rd4 Rxb6 81. Rxa4 Re6 82. Kd5 Re7 83. Rxe4 Rxe4 84. Kxe4 1/2-1/2

[Event "43rd IT Bosna 2013 - A"]
[Site "Sarajevo"]
[Date "2013.06.06"]
[Round "7.6"]
[White "Can, Emre"]
[Black "Predojevic, Borki"]
[Result "1/2-1/2"]
[WhiteElo "2475"]
[BlackElo "2616"]
[PlyCount "99"]
[EventDate "2013.06.01"]

1. d4 d5 2. Nf3 Nf6 3. c4 c6 4. Nc3 dxc4 5. e3 b5 6. a4 b4 7. Nb1 e6 8. Bxc4
Be7 9. O-O O-O 10. Qe2 Bb7 11. Nbd2 c5 12. Nb3 Nbd7 13. Bd2 cxd4 14. Nfxd4 a6
15. f3 Ne5 16. e4 Nxc4 17. Qxc4 Bd6 18. Qe2 Qb8 19. g3 a5 20. Rfc1 Rd8 21. Be3
h5 22. Nc6 Bxc6 23. Rxc6 Bxg3 24. hxg3 Qxg3+ 25. Qg2 Qxg2+ 26. Kxg2 Rd3 27. Nc5
Rxe3 28. Kf2 Ng4+ 29. fxg4 Rh3 30. gxh5 Rd8 31. Kg2 Rxh5 32. Nb3 Rd3 33. Rc5 f5
34. Nxa5 Rd2+ 35. Kf3 fxe4+ 36. Ke3 Rxc5 37. Kxd2 Rxa5 38. Kc2 Kf7 39. Kb3 Kf6
40. Kxb4 Ra8 41. a5 Rb8+ 42. Kc3 Ke5 43. b4 Kd5 44. Rd1+ Kc6 45. Kc4 Rb5 46.
Re1 Re5 47. Kd4 Rd5+ 48. Kc4 Re5 49. Kd4 Rd5+ 50. Kc4 1/2-1/2

[Event "43rd IT Bosna 2013 - A"]
[Site "Sarajevo"]
[Date "2013.06.06"]
[Round "7.8"]
[White "Burovic, Ismet"]
[Black "Nestorovic, Lazar"]
[Result "1/2-1/2"]
[WhiteElo "2351"]
[BlackElo "2380"]
[PlyCount "153"]
[EventDate "2013.06.01"]

1. e4 Nf6 2. e5 Nd5 3. c4 Nb6 4. b3 g6 5. Bb2 Bg7 6. d4 d6 7. f4 O-O 8. Nf3 f6
9. exd6 exd6 10. Bd3 Re8+ 11. Kf2 Bh6 12. Bc1 Nc6 13. Nc3 Bg4 14. f5 Bxc1 15.
Qxc1 Nb4 16. Bb1 Bxf5 17. Bxf5 gxf5 18. Rd1 d5 19. c5 Nc8 20. a3 Nc6 21. Qh6
Rf8 22. Nh4 N8e7 23. Ne2 Rf7 24. Nf4 Qf8 25. Qh5 Qe8 26. Rd3 Rg7 27. Qh6 Qf7
28. Nh5 Rg6 29. Nxg6 hxg6 30. Re1 Qf8 31. Qxf8+ Rxf8 32. Nf4 g5 33. Ne6 Rc8 34.
h4 gxh4 35. Nf4 Kf7 36. Rh1 Rh8 37. b4 a6 38. Ke3 Ng6 39. Nxd5 Rd8 40. Nxc7 Rd7
41. b5 f4+ 42. Ke4 f5+ 43. Kf3 Nce5+ 44. dxe5 Rxd3+ 45. Kf2 axb5 46. e6+ Ke7
47. Rb1 Rxa3 48. Rxb5 Ne5 49. Rxb7 Ra2+ 50. Kf1 f3 51. Nd5+ Kxe6 52. Nf4+ Kf6
53. gxf3 Nxf3 54. c6 Ke5 55. c7 Rc2 56. Nh3 Nd4 57. Ra7 Ke4 58. Nf2+ Kf4 59.
Ra4 Ke5 60. Nd3+ Ke4 61. Nf2+ Kd5 62. Ra5+ Ke6 63. Ra4 Kd5 64. Ra5+ Ke6 65. Ra4
Nf3 66. Rf4 Rc1+ 67. Ke2 Ng1+ 68. Kd3 h3 69. Rc4 Rxc4 70. Kxc4 Kd7 71. Kd5 h2
72. Ke5 Nh3 73. Nh1 f4 74. Ke4 Kxc7 75. Kf3 Kd6 76. Kg4 Ng1 77. Kxf4 1/2-1/2

[Event "43rd IT Bosna 2013 - A"]
[Site "Sarajevo"]
[Date "2013.06.06"]
[Round "7.9"]
[White "Sebenik, Matej"]
[Black "Haznedaroglu, Kivanc"]
[Result "1-0"]
[WhiteElo "2519"]
[BlackElo "2427"]
[PlyCount "81"]
[EventDate "2013.06.01"]

1. d4 d5 2. c4 c6 3. cxd5 cxd5 4. Bf4 Nc6 5. e3 Nf6 6. Nc3 a6 7. Bd3 e6 8. Nf3
Bd6 9. O-O O-O 10. Rc1 Bxf4 11. exf4 Qd6 12. Ne5 Bd7 13. Re1 Rac8 14. Re3 g6
15. a3 Rc7 16. Rh3 Rfc8 17. g4 Qf8 18. Bb1 b5 19. f5 b4 20. fxg6 fxg6 21. axb4
Nxe5 22. dxe5 Ne8 23. Bd3 d4 24. Bxa6 Rb8 25. Ne4 Bc6 26. Ng5 Qf4 27. Nxe6 Qe4
28. Qf3 Qxf3 29. Rxf3 Bxf3 30. Nxc7 Nxc7 31. Rxc7 Ra8 32. Bc4+ Kh8 33. h3 Ra1+
34. Kh2 Re1 35. e6 h5 36. gxh5 g5 37. e7 Bxh5 38. Bb5 d3 39. Bxd3 Be8 40. Rc8
Rxe7 41. Bb5 1-0

[Event "43rd IT Bosna 2013 - A"]
[Site "Sarajevo"]
[Date "2013.06.06"]
[Round "7.10"]
[White "Bejtovic, Jasmin"]
[Black "Jakovljevic, Vlado"]
[Result "1/2-1/2"]
[WhiteElo "2397"]
[BlackElo "2440"]
[PlyCount "67"]
[EventDate "2013.06.01"]

1. e4 c5 2. Nf3 d6 3. d4 cxd4 4. Nxd4 Nf6 5. Nc3 a6 6. Bc4 e6 7. Bb3 b5 8. O-O
Be7 9. Qf3 Qb6 10. Be3 Qb7 11. Qg3 b4 12. Na4 Nbd7 13. f3 O-O 14. Rfd1 Ne5 15.
Nb6 Nh5 16. Qh3 Qxb6 17. Qxh5 Qc7 18. c3 bxc3 19. Rac1 Bd7 20. Rxc3 Qb7 21. f4
g6 22. Qh3 Nc6 23. Nxc6 Bxc6 24. Bd4 h5 25. f5 Bxe4 26. fxg6 Bxg6 27. Rg3 Kh7
28. Bc2 Qd5 29. Bf2 Qe5 30. Re1 Qf6 31. Rf3 Qg5 32. Rg3 Qf6 33. Rf3 Qg5 34. Rg3
1/2-1/2

[Event "43rd IT Bosna 2013 - A"]
[Site "Sarajevo"]
[Date "2013.06.06"]
[Round "7.11"]
[White "Nestorovic, Dejan"]
[Black "Sutkovic, Damir"]
[Result "1-0"]
[WhiteElo "2428"]
[BlackElo "2331"]
[PlyCount "89"]
[EventDate "2013.06.01"]

1. d4 Nf6 2. c4 c5 3. d5 e6 4. Nc3 exd5 5. cxd5 d6 6. Nf3 g6 7. Bg5 Bg7 8. Nd2
h6 9. Bh4 g5 10. Bg3 Nh5 11. Qa4+ Kf8 12. Nde4 f5 13. Bxd6+ Kf7 14. Ng3 Nxg3
15. Bxg3 Bxc3+ 16. bxc3 Qf6 17. Qc4 b5 18. Qxc5 Na6 19. Qd4 f4 20. e4 Qxd4 21.
cxd4 Nb4 22. Kd2 Bd7 23. a3 Na6 24. Bd3 Nc7 25. f3 fxg3 26. hxg3 Rac8 27. Rab1
a6 28. Rhc1 h5 29. Rc5 h4 30. gxh4 gxh4 31. Rbc1 Rhg8 32. Rxc7 Rxg2+ 33. Ke3
Rxc7 34. Rxc7 Ke8 35. e5 h3 36. e6 h2 37. exd7+ Kd8 38. Rc8+ Kxd7 39. Rh8 Ra2
40. Rh6 Rxa3 41. Rxh2 b4 42. Rh7+ Kd8 43. d6 b3 44. Bf5 b2+ 45. Ke4 1-0

[Event "43rd IT Bosna 2013 - A"]
[Site "Sarajevo"]
[Date "2013.06.06"]
[Round "7.12"]
[White "Mestrovic, Zvonimir"]
[Black "Nestorovic, Nikola"]
[Result "0-1"]
[WhiteElo "2327"]
[BlackElo "2405"]
[PlyCount "94"]
[EventDate "2013.06.01"]

1. e4 e5 2. Nf3 Nc6 3. Bb5 a6 4. Ba4 Nge7 5. Bb3 h6 6. d4 exd4 7. O-O Na5 8.
Ne5 d5 9. Qh5 Be6 10. exd5 Nxd5 11. Re1 Be7 12. Qe2 Nxb3 13. axb3 O-O 14. Nd2
Re8 15. Ndf3 c5 16. Bd2 Qc7 17. Qd3 Rad8 18. Re2 Qc8 19. Ne1 Bf5 20. Qg3 Bf8
21. Qf3 f6 22. g4 fxe5 23. gxf5 Nf6 24. Qg3 Qxf5 25. Bxh6 Ng4 26. Bg5 Qxg5 27.
Re4 Nxf2 28. Kxf2 Qf5+ 29. Qf3 Qh7 30. Kg1 Rd6 31. Ng2 Rf6 32. Qe2 b5 33. Rd1
Bd6 34. Nh4 Ref8 35. Qg4 Qh6 36. Ng2 Rg6 37. Qe2 Qg5 38. Rd3 Rgf6 39. h4 Rf1+
40. Kh2 Qf5 41. Rg3 Rf2 42. Qe1 Rf3 43. Qe2 Rf6 44. Rgg4 Rf2 45. Qe1 Rxc2 46.
Qg3 Bf8 47. Rxe5 Rxg2+ 0-1

[Event "43rd IT Bosna 2013 - A"]
[Site "Sarajevo"]
[Date "2013.06.06"]
[Round "7.14"]
[White "Rasidovic, Sead"]
[Black "Forsberg, Viktor"]
[Result "1/2-1/2"]
[WhiteElo "2381"]
[BlackElo "2286"]
[PlyCount "157"]
[EventDate "2013.06.01"]

1. e4 c5 2. Nf3 d6 3. d4 cxd4 4. Nxd4 Nf6 5. Nc3 a6 6. Be2 e5 7. Nb3 Be7 8. g4
h6 9. Be3 Be6 10. Bf3 Nbd7 11. Qe2 b5 12. O-O-O b4 13. Nd5 Bxd5 14. exd5 a5 15.
Kb1 a4 16. Nd2 Qa5 17. Nc4 Qa6 18. Bc1 O-O 19. h4 Rfc8 20. Nd2 Qxe2 21. Bxe2 a3
22. Bf3 axb2 23. Bxb2 Nc5 24. Rde1 Nfd7 25. Ne4 Na4 26. g5 hxg5 27. hxg5 Nc3+
28. Bxc3 bxc3 29. Reg1 Rcb8+ 30. Kc1 Rxa2 31. Kd1 Nf8 32. Nf6+ Bxf6 33. gxf6
Rb1+ 34. Ke2 Rxg1 35. Rxg1 Ng6 36. Be4 gxf6 37. Kd3 Ra5 38. Kxc3 Kf8 39. Kb4
Ra2 40. Kb3 Ra5 41. Kb4 Rc5 42. c4 Ne7 43. Ra1 f5 44. Bd3 e4 45. Bf1 Nxd5+ 46.
cxd5 Rxd5 47. Kc3 f4 48. Bc4 Re5 49. Kd4 f5 50. Ra8+ Kg7 51. Ra7+ Kh6 52. Ra6
Kg5 53. Rxd6 Ra5 54. Be6 Ra4+ 55. Kc3 Ra3+ 56. Kd2 e3+ 57. Ke2 exf2 58. Kxf2
Kg4 59. Bd5 Rc3 60. Rg6+ Kh5 61. Rg8 Rg3 62. Rf8 Kg6 63. Be6 Rg5 64. Kf3 Rg3+
65. Kxf4 Rg4+ 66. Ke5 Re4+ 67. Kd5 Rf4 68. Ke5 Re4+ 69. Kd6 f4 70. Kd5 Rb4 71.
Ke5 Kg5 72. Rg8+ Kh4 73. Rg4+ Kh5 74. Kf6 Ra4 75. Rg8 Kh4 76. Rg4+ Kh5 77. Rg1
Kh4 78. Bd5 f3 79. Bxf3 1/2-1/2

[Event "43rd IT Bosna 2013 - A"]
[Site "Sarajevo"]
[Date "2013.06.07"]
[Round "8.1"]
[White "Markus, Robert"]
[Black "Kovacevic, Aleksandar"]
[Result "1/2-1/2"]
[WhiteElo "2611"]
[BlackElo "2557"]
[PlyCount "23"]
[EventDate "2013.06.01"]

1. d4 Nf6 2. Nf3 g6 3. c4 Bg7 4. Nc3 O-O 5. e4 c5 6. Be2 d6 7. O-O cxd4 8. Nxd4
Nc6 9. Be3 Bd7 10. Qd2 Nxd4 11. Bxd4 Bc6 12. f3 1/2-1/2

[Event "43rd IT Bosna 2013 - A"]
[Site "Sarajevo"]
[Date "2013.06.07"]
[Round "8.3"]
[White "Stojanovic, Dalibor"]
[Black "Erdos, Viktor"]
[Result "1/2-1/2"]
[WhiteElo "2514"]
[BlackElo "2645"]
[PlyCount "86"]
[EventDate "2013.06.01"]

1. e4 e5 2. Bc4 Nf6 3. d3 Nc6 4. Nf3 Bc5 5. Nc3 d6 6. Bg5 h6 7. Bxf6 Qxf6 8.
Nd5 Qd8 9. c3 Ne7 10. d4 Nxd5 11. dxc5 Nf6 12. cxd6 cxd6 13. Qd3 Qb6 14. O-O
Ke7 15. a4 Rd8 16. Nd2 a5 17. Ba2 Bd7 18. Nc4 Qc5 19. Ne3 Bc6 20. Bd5 Bxd5 21.
Nxd5+ Nxd5 22. exd5 g6 23. Kh1 f5 24. Qd2 Kf6 25. Qxh6 Rh8 26. Qe3 Rac8 27.
Rac1 Rh4 28. Qd3 Rxa4 29. Qh3 Kg7 30. b3 Rf4 31. Kg1 b5 32. Qd3 Rc7 33. g3 Re4
34. Ra1 a4 35. bxa4 bxa4 36. Rfb1 Rc4 37. Qd2 Rxc3 38. Qg5 Rc2 39. Rf1 a3 40.
h4 Rc4 41. Qd8 f4 42. Rab1 fxg3 43. Rb8 Rc8 1/2-1/2

[Event "43rd IT Bosna 2013 - A"]
[Site "Sarajevo"]
[Date "2013.06.07"]
[Round "8.6"]
[White "Grandelius, Nils"]
[Black "Can, Emre"]
[Result "1/2-1/2"]
[WhiteElo "2544"]
[BlackElo "2475"]
[PlyCount "55"]
[EventDate "2013.06.01"]

1. Nf3 Nf6 2. c4 e6 3. g3 d5 4. Bg2 dxc4 5. Qa4+ c6 6. Qxc4 b5 7. Qc2 Bb7 8.
O-O Nbd7 9. Nc3 Qb6 10. d3 Be7 11. a4 a6 12. e4 c5 13. h3 c4 14. axb5 cxd3 15.
Qxd3 Nc5 16. Qc2 axb5 17. Be3 Qd8 18. Rxa8 Bxa8 19. Bxc5 Bxc5 20. Nxb5 Qb6 21.
Nc3 Qb7 22. e5 Nd7 23. Ra1 Qb8 24. Qa4 Bxf3 25. Bxf3 O-O 26. Qb5 Qxb5 27. Nxb5
Nxe5 28. Be2 1/2-1/2

[Event "43rd IT Bosna 2013 - A"]
[Site "Sarajevo"]
[Date "2013.06.07"]
[Round "8.7"]
[White "Predojevic, Borki"]
[Black "Nestorovic, Dejan"]
[Result "1-0"]
[WhiteElo "2616"]
[BlackElo "2428"]
[PlyCount "101"]
[EventDate "2013.06.01"]

1. e4 c5 2. Nf3 e6 3. d4 cxd4 4. Nxd4 a6 5. c4 Nf6 6. Nc3 Qc7 7. Be2 b6 8. Be3
Bb7 9. f3 d6 10. a4 Be7 11. a5 bxa5 12. Qa4+ Nfd7 13. Qxa5 Qxa5 14. Rxa5 O-O
15. Kf2 Rc8 16. Rc1 Nc6 17. Nxc6 Rxc6 18. b4 Bh4+ 19. g3 Bd8 20. Ra2 Bb6 21.
Na4 Bxe3+ 22. Kxe3 Kf8 23. c5 dxc5 24. Rac2 Rac8 25. b5 Rd6 26. e5 Rd5 27. bxa6
Rxe5+ 28. Kf2 Bc6 29. Nxc5 Rxc5 30. Rxc5 Nxc5 31. Rxc5 Ke7 32. Bb5 Bxb5 33.
Rxc8 Bxa6 34. Rc7+ Kf6 35. h4 h5 36. Ke3 Bf1 37. Kf4 Bd3 38. Rc5 Kg6 39. Ke5
Bf5 40. Kd6 Kf6 41. Ra5 Bd3 42. Kd7 Be2 43. f4 Bf3 44. Ke8 Bg4 45. Ra7 Kf5 46.
Kxf7 g6 47. Ra3 Bh3 48. Re3 Bg2 49. Re5+ Kg4 50. Rg5+ Kh3 51. Kxe6 1-0

[Event "43rd IT Bosna 2013 - A"]
[Site "Sarajevo"]
[Date "2013.06.07"]
[Round "8.8"]
[White "Burovic, Ismet"]
[Black "Sebenik, Matej"]
[Result "0-1"]
[WhiteElo "2351"]
[BlackElo "2519"]
[PlyCount "56"]
[EventDate "2013.06.01"]

1. e4 e6 2. d3 d5 3. Nd2 Nf6 4. Ngf3 b6 5. c3 c5 6. e5 Nfd7 7. d4 Be7 8. h4 Qc7
9. h5 h6 10. Bb5 Ba6 11. a4 Qb7 12. Qe2 Bxb5 13. axb5 a6 14. O-O axb5 15. Rxa8
Qxa8 16. Ne1 Nc6 17. Qg4 Rg8 18. Ndf3 cxd4 19. cxd4 Qa4 20. Bxh6 Ndxe5 21. Nxe5
Nxe5 22. Qg3 Qxd4 23. Be3 Qe4 24. Nf3 Bd6 25. Ra1 Ke7 26. Ra7+ Nd7 27. Bg5+ f6
28. Bxf6+ gxf6 0-1

[Event "43rd IT Bosna 2013 - A"]
[Site "Sarajevo"]
[Date "2013.06.07"]
[Round "8.9"]
[White "Nestorovic, Lazar"]
[Black "Nestorovic, Nikola"]
[Result "1/2-1/2"]
[WhiteElo "2380"]
[BlackElo "2405"]
[PlyCount "22"]
[EventDate "2013.06.01"]

1. d4 Nf6 2. c4 c5 3. d5 b5 4. cxb5 a6 5. bxa6 g6 6. Nc3 Bxa6 7. Nf3 d6 8. g3
Bg7 9. Bg2 Nbd7 10. Rb1 O-O 11. O-O Ng4 1/2-1/2